000 00273nam a2200109Ia 4500
008 201231s9999 xx 000 0 und d
100 _aGanguly, S P
245 0 _aControl over Public Finance in India
260 _aNew Delhi
_bConcept Publishing
300 _a144
942 _cBK
999 _c9431
_d9431